000 00742nam a2200253Ia 4500
003 OSt
005 20220927105737.0
006 a|||||r|||| 00| 0
007 ta
008 220926b |||||||| |||| 00| 0 eng d
020 _a9789211128307
024 _a197650
037 _cReference Collections
040 _aRTL
_cRTL
_beng
041 _2eng
_aeng
082 _a"X655, Q2/UN"
100 _aUNITED NATIONS CONFERENCE ON TRADE AND DEVELOPMENT
245 0 _aTransparency
260 _aNew
_b"York, United Nations, "
_c2012
300 _a101p
_ccm.
500 _aBibliography chapterwise
942 _h"X655, Q2/UN"
_cCC
999 _c694326
_d694326